000 00557nam a22001817a 4500
005 20231123075930.0
008 231123b |||||||| |||| 00| 0 eng d
020 _a9780702173080
041 _aEnglish
082 _a342 CON
100 _aWoolman, S and Bishop, M
_lEnglish
245 _aConstitutional Law of South Africa /
_cS Woolman and M Bishop
250 _aSecond Edition
260 _aCape Town :
_bJuta and Company (Pty) Ltd,
_c2014
300 _c26,5 cm.
650 _aLegal practice
_bLaw
942 _cBK
_6ALISON_BN_VRIES
999 _c873
_d873